000 00565nam a2200181Ia 4500
008 100917s9999 xx 000 0 und d
082 _b49148
100 _aकर्णिक मधुमंगेश
245 _aगावाकडच्या गजाली
260 _bडिंपल पब्लिकेशन्स
_c1981
300 _a167
365 _b22
520 _aकथा
630 _aगावाकडच्या गजाली
650 _aकथा
730 _aगावाकडच्या गजाली
942 _cBOOK
999 _c654542
_d654539